000 00690na a2200253 4500
001 16805
003 MIRAKIL
005 20181213154810.0
008 161013b tu 000 0
020 _a9789759869267
035 _a16805
040 _aMilas
_btur
_cTR-AnCHP
041 _atur
082 _a070.435
_bA52 2012
090 _a070.435 A52 2012
110 _aAnadolu Ajansı
245 _aYıllık 2012
_cAnadolu Ajansı
260 _aİstanbul
_bAnadolu Ajansı
_c2012
300 _a292, 9 s.
_bfotğ.
_c29x29 sm.
490 _aAnadolu Ajansı Yayınları
_v16
650 _aBasın
_xAlmanaklar
650 _aGazetecilik
_xHaber ajansları
_yYıllıklar
942 _2ddc
_cBKS
999 _c1044
_d1044